书目信息 |
| 题名: |
直销安利
|
|
| 作者: | 张卫星 编著 | |
| 分册: | ||
| 出版信息: | 北京 中国民航出版社 2004.12 |
|
| 页数: | 208页 | |
| 开本: | 21cm | |
| 丛书名: | ||
| 单 册: | ||
| 中图分类: | F279.712 | |
| 科图分类: | ||
| 主题词: | 企业管理--销售管理--经验--美国 | |
| 电子资源: | ||
| ISBN: | 7-80110-626-1 | |
| 000 | 00815nam0 22002417 450 | |
| 001 | 192004002912 | |
| 005 | 20070906100951.76 | |
| 010 | @a7-80110-626-1@dCNY16.80 | |
| 100 | @a20070601d2004 ekmy0chiy0121 ea | |
| 101 | 0 | @achi |
| 102 | @aCN@b110000 | |
| 105 | @ay z 000yy | |
| 200 | 1 | @a直销安利@Azhi xiao an li@d= Direct selling amway@f张卫星编著@zeng |
| 210 | @a北京@c中国民航出版社@d2004.12 | |
| 215 | @a208页@d21cm | |
| 300 | @a并列题名:Direct selling amway | |
| 330 | @a本书全面分析了安利的激励制度、产品服务、管理制度、员工培训、销售模式、中国转型等,是营销人员理解安利、学习安利的最佳读物。 | |
| 510 | 1 | @aDirect selling amway@zeng |
| 606 | 0 | @a企业管理@x销售管理@x经验@y美国 |
| 690 | @aF279.712@v4 | |
| 701 | 0 | @a张卫星@Azhang wei xing@4编著 |
| 801 | 0 | @aCN@c20070906 |
| 905 | @dF279.712@eZ197 | |
| 直销安利= Direct selling amway/张卫星编著.-北京:中国民航出版社,2004.12 |
| 208页;21cm |
| 并列题名:Direct selling amway |
| ISBN 7-80110-626-1:CNY16.80 |
| 本书全面分析了安利的激励制度、产品服务、管理制度、员工培训、销售模式、中国转型等,是营销人员理解安利、学习安利的最佳读物。 |
| ● |
| 相关链接 |
|
|
|
正题名:直销安利
索取号:F279.712/Z197
 
预约/预借
| 序号 | 登录号 | 条形码 | 馆藏地/架位号 | 状态 | 备注 |
| 1 | 621688 | 206216888 | 社科库409/409社科库 102排2列3层/ [索取号:F279.712/Z197] | 在馆 | |
| 2 | 621689 | 206216897 | 社科库409/409社科库 102排2列3层/ [索取号:F279.712/Z197] | 在馆 | |
| 3 | 621690 | 206216904 | 社科库409/409社科库 102排2列3层/ [索取号:F279.712/Z197] | 在馆 |